书目信息 |
| 题名: |
吴门画派
|
|
| 作者: | 紫都 , 霍艳文 编著 | |
| 分册: | 上 唐寅 | |
| 出版信息: | 北京 中央编译出版社 2004 |
|
| 页数: | 122页 | |
| 开本: | 22cm | |
| 丛书名: | ||
| 单 册: | ||
| 中图分类: | J212.099 , J212.052 | |
| 科图分类: | ||
| 主题词: | 中国画--画派--美术批评--中国 , 美术批评 , 中国画 , 画派 , 法书 | |
| 电子资源: | ||
| ISBN: | 7-80109-915-X | |
| 000 | 01172nam0 2200349 450 | |
| 001 | 002965465 | |
| 005 | 20070806112019.81 | |
| 010 | @a7-80109-915-X@b精装@dCNY380.00(全套) | |
| 100 | @a20050616d2004 em y0chiy0110 ea | |
| 101 | 0 | @achi@eeng |
| 102 | @aCN@b110000 | |
| 105 | @aa z 001yd | |
| 200 | 1 | @a吴门画派@9wu men hua pai@h上@i唐寅@f紫都,霍艳文编著 |
| 210 | @a北京@c中央编译出版社@d2004 | |
| 215 | @a122页@c图@d22cm | |
| 304 | @a版权页题: 紫都,耿静,霍艳文编著 | |
| 330 | @a本书内容包括“狂歌醉舞是桃仙——唐寅的生平与文学成就”,“写得娥眉妙有神——唐寅的书画艺术”,“唐寅题画诗录”,“唐寅谈艺录”,“历代名家评唐寅”等。 | |
| 510 | 1 | @aWumen School of Painting@iTang Yin(1470~1523)@zeng |
| 600 | 0 | @a唐寅@f(1470-1523) |
| 600 | 0 | @a唐寅@f(1470~1523)@x中国画@x美术批评 |
| 600 | 0 | @a唐寅@f(1470~1523)@x法书@x美术批评 |
| 606 | 0 | @a中国画@x画派@x美术批评@y中国 |
| 606 | 0 | @a美术批评 |
| 606 | 0 | @a中国画 |
| 606 | 0 | @a画派 |
| 606 | 0 | @a法书 |
| 690 | @aJ212.099@v4 | |
| 690 | @aJ212.052@v4 | |
| 701 | 0 | @a紫都@9zi du@4编著 |
| 701 | 0 | @a霍艳文@9huo yan wen@4编著 |
| 801 | 0 | @aCN@bNLC@c20070806 |
| 905 | @a10447@dJ212.099@e536:1 | |
| 吴门画派.上.唐寅/紫都,霍艳文编著.-北京:中央编译出版社,2004 |
| 122页:图;22cm |
| ISBN 7-80109-915-X(精装):CNY380.00(全套) |
| 本书内容包括“狂歌醉舞是桃仙——唐寅的生平与文学成就”,“写得娥眉妙有神——唐寅的书画艺术”,“唐寅题画诗录”,“唐寅谈艺录”,“历代名家评唐寅”等。 |
| ● |
| 相关链接 |
|
|
|
|
正题名:吴门画派
索取号:J212.099/536:1
 
预约/预借
| 序号 | 登录号 | 条形码 | 馆藏地/架位号 | 状态 | 备注 |
| 1 | 0803724 | 208037248 | 第一样本阅览室/ [索取号:J212.099/536:1] | 在馆 | |
| 2 | 0803725 | 208037257 | 第一借阅区/ [索取号:J212.099/536:1] | 在馆 |